[Event "54th Ilmar Raud Memorial"]
[Site "Viljandi"]
[Date "2020.07.09"]
[Round "6.13"]
[White "Keso, Elias"]
[Black "Uibokant, Mathias Robert"]
[Result "1-0"]
[WhiteElo "2300"]
[BlackElo "2050"]
[PlyCount "79"]
[EventDate "2020.??.??"]

1. e4 e6 2. d4 d5 3. Nd2 dxe4 4. Nxe4 Bd7 5. Nf3 Bc6 6. Bd3 Nd7 7. O-O Ngf6 8.
Ng3 Be7 9. b3 O-O 10. Bb2 Bxf3 11. Qxf3 c6 12. c4 Re8 13. Rad1 Qc7 14. Rfe1
Rad8 15. Re3 Nf8 16. Ne4 Nxe4 17. Qxe4 f5 18. Qf3 Bf6 19. Qe2 Qf7 20. Bb1 g6
21. b4 Qg7 22. Red3 Nd7 23. c5 b6 24. Qc2 bxc5 25. bxc5 Rb8 26. Bc1 e5 27. d5
e4 28. Ra3 Nxc5 29. Qxc5 Rxb1 30. Rxa7 Qf8 31. Qc2 Rxc1 32. Qxc1 cxd5 33. Rxd5
e3 34. fxe3 Bg5 35. Rd3 Qb4 36. Rc7 f4 37. Rdd7 fxe3 38. Rg7+ Kh8 39. Rxh7+ Kg8
40. Rh8+ 1-0

[Event "54th Ilmar Raud Memorial"]
[Site "Viljandi"]
[Date "2020.07.09"]
[Round "6.14"]
[White "Vorobjov, Pavel"]
[Black "Tsõganova, Monika"]
[Result "1-0"]
[WhiteElo "2269"]
[BlackElo "2029"]
[PlyCount "71"]
[EventDate "2020.??.??"]

1. d4 Nf6 2. c4 g6 3. Nc3 Bg7 4. e4 O-O 5. Nf3 d6 6. h3 c5 7. d5 b5 8. cxb5 a6
9. bxa6 Bxa6 10. Bxa6 Nxa6 11. O-O Qb6 12. Qe2 Rfe8 13. Nd2 Nc7 14. Nc4 Qa6 15.
Bf4 Nh5 16. Bh2 Bd4 17. Rfc1 e5 18. Nd1 Rab8 19. Rc2 Rb4 20. a3 Rb3 21. Qe1 Nf4
22. Qa5 Qxa5 23. Nxa5 Rb6 24. Nc4 Ra6 25. Nde3 Rb8 26. Rd1 Rb3 27. Kf1 Nb5 28.
Bg1 Bxe3 29. fxe3 Nh5 30. Nd2 Nxa3 31. bxa3 Rd3 32. Ke2 Raxa3 33. Rdc1 f5 34.
Nc4 Rab3 35. Nxd6 Ng3+ 36. Kf3 1-0

[Event "54th Ilmar Raud Memorial"]
[Site "Viljandi"]
[Date "2020.07.09"]
[Round "6.15"]
[White "Vingris, Mikelis"]
[Black "Haavamäe, Henrik"]
[Result "1/2-1/2"]
[WhiteElo "1641"]
[BlackElo "2210"]
[PlyCount "68"]
[EventDate "2020.??.??"]

1. d4 Nf6 2. c4 e6 3. Nc3 Bb4 4. Nf3 O-O 5. Qc2 c5 6. e3 d5 7. cxd5 exd5 8. Be2
Nc6 9. O-O Bg4 10. Rd1 Rc8 11. dxc5 Ne7 12. Qb3 Qa5 13. Bd2 Be6 14. Nd4 Nd7 15.
a3 Bxc3 16. Bxc3 Qc7 17. Nxe6 fxe6 18. Bb4 Nxc5 19. Bxc5 Qxc5 20. Qxb7 Rc7 21.
Qa6 Rc6 22. Qd3 Nf5 23. Qd2 Rfc8 24. Bg4 Nh6 25. Bf3 Nf7 26. h3 Ng5 27. Qe2 Qc2
28. b4 Nxf3+ 29. Qxf3 Rf8 30. Qg3 Qb2 31. Rdb1 Qe2 32. Rf1 Qb2 33. Rfb1 Qe2 34.
Rf1 Qb2 1/2-1/2

[Event "54th Ilmar Raud Memorial"]
[Site "Viljandi"]
[Date "2020.07.09"]
[Round "6.16"]
[White "Krivenko, Dion"]
[Black "Valner, Uku"]
[Result "0-1"]
[WhiteElo "2046"]
[BlackElo "2302"]
[PlyCount "104"]
[EventDate "2020.??.??"]

1. e4 e6 2. d3 c5 3. Nf3 Nc6 4. g3 d6 5. Bg2 g6 6. O-O Bg7 7. c3 Nge7 8. Re1
O-O 9. d4 e5 10. d5 Nb8 11. c4 Bg4 12. h3 Bxf3 13. Bxf3 f5 14. Bg5 h6 15. Bxe7
Qxe7 16. Nc3 Nd7 17. Bg2 a6 18. a4 Rf7 19. a5 Raf8 20. f3 h5 21. Qe2 h4 22. g4
fxg4 23. fxg4 Bh6 24. Qd3 Qg5 25. Re2 Kg7 26. Rb1 Qd8 27. Ra1 Bf4 28. Nd1 Bg3
29. Re3 Qg5 30. b3 Rf4 31. Ra2 R8f7 32. Rb2 Qd8 33. Ra2 Nf8 34. Ra4 Nh7 35. Ra2
Ng5 36. Kh1 Qf8 37. Rb2 Kg8 38. Kg1 R4f6 39. Kh1 Bf4 40. Re1 Bc1 41. Rc2 Nf3
42. Rf1 Bg5 43. Rcf2 Nd4 44. Rxf6 Rxf6 45. Rxf6 Qxf6 46. Nc3 Qf2 47. b4 cxb4
48. Nd1 Qd2 49. Bf1 b3 50. Qxd2 Bxd2 51. c5 dxc5 52. Bc4 Kf8 0-1

[Event "54th Ilmar Raud Memorial"]
[Site "Viljandi"]
[Date "2020.07.09"]
[Round "6.17"]
[White "Andrijashkin, Deniss"]
[Black "Kukk, Sander"]
[Result "0-1"]
[WhiteElo "1861"]
[BlackElo "2194"]
[PlyCount "66"]
[EventDate "2020.??.??"]

1. g3 g6 2. Bg2 Bg7 3. c4 Nf6 4. Nc3 O-O 5. e3 c6 6. Nge2 d5 7. cxd5 cxd5 8. d4
b6 9. O-O e6 10. b3 Ba6 11. Ba3 Re8 12. Qd2 Nc6 13. Rfd1 Qd7 14. Rac1 Rad8 15.
Qc2 Rc8 16. Qb1 g5 17. h3 h6 18. Rd2 Nh7 19. Kh2 f5 20. f4 Nf6 21. Ng1 Ne4 22.
Nxe4 dxe4 23. Bf1 Bxf1 24. Rxf1 Bf8 25. Bxf8 Rxf8 26. b4 Ne7 27. Qb3 Nd5 28.
Ne2 Qb5 29. Rb1 Rc4 30. a3 a5 31. bxa5 Qxb3 32. Rxb3 bxa5 33. Rb5 Nxe3 0-1

[Event "54th Ilmar Raud Memorial"]
[Site "Viljandi"]
[Date "2020.07.09"]
[Round "6.18"]
[White "Timoshin, Andrei"]
[Black "Pedmanson, Herman"]
[Result "0-1"]
[WhiteElo "2132"]
[BlackElo "1767"]
[PlyCount "132"]
[EventDate "2020.??.??"]

1. e4 c6 2. d4 d5 3. Nd2 dxe4 4. Nxe4 Nf6 5. Nxf6+ exf6 6. c3 Bd6 7. Bd3 O-O 8.
Ne2 Bg4 9. Be3 Nd7 10. Qc2 g6 11. h3 Bxe2 12. Qxe2 Re8 13. Qf3 Qc7 14. h4 f5
15. O-O-O c5 16. h5 Nf6 17. hxg6 fxg6 18. g4 Nxg4 19. dxc5 Be5 20. Bb5 Red8 21.
Bd4 Rac8 22. Kb1 Kg7 23. Qh3 h5 24. Qg2 Bxd4 25. cxd4 Qf4 26. Rhe1 Rc7 27. f3
Ne3 28. Qd2 Re7 29. Qc3 Nxd1 30. Rxe7+ Kf8 31. Qe1 Qxd4 32. Qe2 Qxc5 33. Re5
Qb4 34. Re8+ Rxe8 35. Qxe8+ Kg7 36. Qe5+ Kh7 37. Be2 Nxb2 38. Qc7+ Kh6 39. Qc1+
g5 40. Qxb2 Qe1+ 41. Qc1 Qxe2 42. Qc3 Kg6 43. Qc8 Qd1+ 44. Kb2 Qd5 45. Qb8 a6
46. Kb1 g4 47. f4 g3 48. Qe8+ Qf7 49. Qd8 Kh7 50. Qd2 h4 51. Qd8 g2 52. Qxh4+
Kg8 53. Qd8+ Qf8 54. Qg5+ Qg7 55. Qd8+ Kf7 56. Qd5+ Ke8 57. Qe6+ Kd8 58. Qb6+
Kc8 59. Qg1 Qe7 60. Qxg2 Qe4+ 61. Qxe4 fxe4 62. Kc2 Kd7 63. Kc3 Ke6 64. Kd4 Kf5
65. Ke3 b5 66. a3 a5 0-1

[Event "54th Ilmar Raud Memorial"]
[Site "Viljandi"]
[Date "2020.07.09"]
[Round "6.19"]
[White "Sirp, Karl Aleksander"]
[Black "Rychagov, Nikita"]
[Result "0-1"]
[WhiteElo "1924"]
[BlackElo "1943"]
[PlyCount "80"]
[EventDate "2020.??.??"]

1. d4 d5 2. Bf4 Nf6 3. e3 c5 4. c3 Nc6 5. Bd3 Qb6 6. Qc1 e6 7. Nd2 c4 8. Bc2
Nh5 9. Bg5 h6 10. Bh4 g5 11. Bg3 Nxg3 12. hxg3 Bg7 13. Bd1 e5 14. Ndf3 exd4 15.
exd4 O-O 16. Ne2 Bf5 17. O-O Rfe8 18. Qd2 Re6 19. Nc1 Qa5 20. Bc2 Bxc2 21. Qxc2
Rae8 22. Rd1 b5 23. Nh2 b4 (23... Bxd4 24. cxd4 (24. b4 Re1+ 25. Nf1 Nxb4 26.
cxb4 Qxb4) (24. Nf3 Bg7 25. Rxd5 g4 26. Nh4 Re1+ 27. Kh2 Qb6) 24... Re1+ 25.
Nf1 Nxd4 26. Qd2 Qxd2 27. Rxd2 Ne2+ 28. Nxe2 Rxa1 29. f3 b4) 24. Nf1 bxc3 25.
bxc3 Re4 26. Ne3 Ne7 27. g4 Ng6 28. g3 Qd8 29. a4 Qd7 30. Kh2 {[#]} h5 $3 31.
gxh5 Nf4 32. gxf4 gxf4 33. f3 (33. Ng2 f3) (33. Nf1 f3) 33... Rxe3 34. h6 R8e6
35. h7+ Kh8 36. Rb1 Rh6+ 37. Kg1 Rg6+ 38. Kf2 Qh3 39. Rb8+ Kxh7 40. Ne2 Qh4+
0-1

[Event "54th Ilmar Raud Memorial"]
[Site "Viljandi"]
[Date "2020.07.09"]
[Round "6.20"]
[White "Sinitsõna, Anastassia"]
[Black "Ter-Avetisjana, Agnesa Stepania"]
[Result "1-0"]
[WhiteElo "2138"]
[BlackElo "1717"]
[PlyCount "129"]
[EventDate "2020.??.??"]

1. Nf3 d5 2. c4 c6 3. b3 Nf6 4. Bb2 Bf5 5. g3 e6 6. Bg2 Nbd7 7. O-O Be7 8. d4
O-O 9. Nh4 Be4 10. Nd2 Bxg2 11. Nxg2 Rc8 12. Rc1 Re8 13. a3 a5 14. Nf4 Bf8 15.
Nd3 g6 16. Qc2 Bg7 17. Qb1 Ng4 18. e4 Qg5 19. Nf3 Qf6 20. Nde1 dxe4 21. Qxe4
Qf5 22. Qxf5 exf5 23. Bc3 a4 24. bxa4 Nb6 25. Bd2 Nxa4 26. Rb1 c5 27. h3 Nf6
28. d5 b6 29. Nd3 Ne4 30. Bf4 Nec3 31. Rb3 Ne2+ 32. Kg2 Nxf4+ 33. Nxf4 Re4 34.
Nd2 Rd4 35. Rd3 Re8 36. Rxd4 Bxd4 37. Nf3 Bg7 38. Nd2 Kf8 39. Rb1 Bc3 40. Nf3
h6 41. h4 Re4 42. d6 {[#]} Bf6 43. Nd5 Bd8 44. d7 Re6 45. Rb3 Rd6 46. Ne5 Kg7
47. Re3 (47. h5 $1) 47... Bf6 48. Nxf6 (48. Nc7 Kf8 49. Ne8) 48... Kxf6 49. f4
Nb2 50. Rb3 Na4 51. Kf3 h5 52. Ke3 Rd4 53. Rd3 (53. Rb4 $5) 53... Rxd3+ 54.
Kxd3 Ke7 55. Nxf7 Kxd7 56. Kc2 Ke6 57. Kb3 b5 58. cxb5 Nb6 59. Ne5 Kd5 60. a4
c4+ 61. Ka3 Kd4 62. a5 Nc8 63. b6 Nd6 64. a6 c3 65. b7 1-0

[Event "54th Ilmar Raud Memorial"]
[Site "Viljandi"]
[Date "2020.07.09"]
[Round "6.21"]
[White "Olde, Grete"]
[Black "Uibokant, Karl Oskar"]
[Result "1-0"]
[WhiteElo "2046"]
[BlackElo "1622"]
[PlyCount "113"]
[EventDate "2020.??.??"]

1. e4 e5 2. Nf3 Nc6 3. Bb5 Nf6 4. d3 Bc5 5. c3 d6 6. O-O O-O 7. h3 a6 8. Ba4 b5
9. Bb3 Ne7 10. Re1 Bb7 11. Nbd2 Bb6 12. Nf1 Ng6 13. Ng3 c5 14. d4 Re8 15. d5
Bc8 16. Nh2 h6 17. Bc2 c4 18. Rf1 a5 19. Kh1 b4 20. Qe2 Qc7 21. Ba4 Re7 22. Qf3
Nh4 23. Qe2 Ng6 24. Ng4 Bxg4 25. hxg4 Nf4 26. Qf3 Nd3 27. Nf5 bxc3 28. bxc3 Bc5
29. g5 Nxe4 30. Qxe4 Nxf2+ 31. Rxf2 Bxf2 32. gxh6 g6 33. Nxe7+ Qxe7 34. Qg4 e4
35. Bg5 Qe5 36. Qf4 Qxc3 37. Rc1 Qd4 38. Bf6 Bg3 39. Bxd4 Bxf4 40. Rxc4 e3 41.
Bc3 Bxh6 42. Re4 Kf8 43. Rh4 Rc8 44. Bc6 Bg7 45. Bxg7+ Kxg7 46. Re4 Rb8 47.
Rxe3 g5 48. Rb3 Rh8+ 49. Kg1 f5 50. Rb5 Kf6 51. Rxa5 f4 52. Ra8 Rh7 53. Kf2 g4
54. a4 Rh1 55. Re8 Kf5 56. Bd7+ Kf6 57. Bxg4 1-0

[Event "54th Ilmar Raud Memorial"]
[Site "Viljandi"]
[Date "2020.07.09"]
[Round "6.22"]
[White "Bondarenko, Dmitri"]
[Black "Tolmacevs, Artjoms"]
[Result "1-0"]
[WhiteElo "1944"]
[BlackElo "1644"]
[PlyCount "65"]
[EventDate "2020.??.??"]

1. d4 Nf6 2. Bg5 Ne4 3. Bf4 d5 4. c3 Bf5 5. Nd2 e6 6. Nxe4 Bxe4 7. Nf3 Bd6 8.
Qd2 Nd7 9. Bxd6 cxd6 10. e3 O-O 11. Bd3 Bxd3 12. Qxd3 Qb6 13. Ng5 Nf6 14. Qc2
h6 15. Nf3 Rac8 16. O-O-O Qa6 17. a3 b5 18. Rdg1 Ne4 19. Kb1 Qb6 20. Ne1 a5 (
20... Qa5 21. Nd3 Nxc3+ 22. bxc3 Rxc3 23. Qd2 Rb3+ 24. Kc2 Qxa3) 21. f3 Nf6 (
21... Nxc3+ 22. bxc3 b4 23. Qb2 Rxc3 24. Nc2 Qb5 25. Rc1 Rb8 26. Ka1 Qa4 27.
Rhd1 Rbc8 28. Kb1 Rb3) 22. Nd3 e5 23. g4 e4 24. Nf4 b4 25. g5 hxg5 26. Rxg5
bxc3 27. b3 exf3 28. Ka2 Rb8 29. Rhg1 f2 (29... Rfc8 30. Rxg7+ Kf8 31. Nxd5 (
31. Rxf7+ Kxf7 32. Qg6+ Ke7 33. Qg7+ Ke8) 31... Nxd5 32. Rxf7+ Kxf7 33. Qh7+
Ke6 34. Qh3+ Kf7 35. Qh7+ Ke6 $11) 30. Nxd5 Qxb3+ 31. Qxb3 fxg1=Q 32. Nxf6+ Kh8
33. Rh5# 1-0

[Event "54th Ilmar Raud Memorial"]
[Site "Viljandi"]
[Date "2020.07.09"]
[Round "6.23"]
[White "Mierins, Emils Janis"]
[Black "Protassov, Vlad"]
[Result "0-1"]
[WhiteElo "1750"]
[BlackElo "1916"]
[PlyCount "42"]
[EventDate "2020.??.??"]

1. g3 d5 2. Bg2 c6 3. Nf3 Nf6 4. O-O Bf5 5. d4 h6 6. c4 e6 7. Qb3 Qb6 8. Nbd2
Nbd7 9. c5 Qc7 10. Nh4 Bh7 11. f4 Be7 12. Nhf3 Ne4 13. Nxe4 Bxe4 14. Bd2 b6 15.
cxb6 Qxb6 16. Qa4 O-O 17. b3 a5 18. Rac1 Rfc8 19. e3 Bd3 20. b4 axb4 21. Qb3
Ra3 0-1

[Event "54th Ilmar Raud Memorial"]
[Site "Viljandi"]
[Date "2020.07.09"]
[Round "6.24"]
[White "Staub, Madis"]
[Black "Tõnso, Liina"]
[Result "0-1"]
[WhiteElo "1715"]
[BlackElo "1862"]
[PlyCount "107"]
[EventDate "2020.??.??"]

1. e4 c5 2. Nf3 e6 3. d4 cxd4 4. Nxd4 a6 5. Be2 Qc7 6. O-O Nf6 7. Nc3 b5 8. a3
Bb7 9. Bd3 Be7 10. Be3 O-O 11. h3 d6 12. f4 Nbd7 13. g4 d5 14. e5 Ne4 15. Nce2
Ndc5 16. b4 Na4 17. Bxe4 dxe4 18. Qe1 Bd5 19. Qg3 Rac8 20. f5 f6 21. Bf4 Qc4
22. exf6 Bxf6 23. Be5 Nc3 24. Rae1 exf5 25. Bxf6 Rxf6 26. Rxf5 Nxe2+ 27. Nxe2
Rxf5 28. gxf5 Bf7 29. Qe5 Rf8 30. Qc3 Qd5 31. Ng3 Be8 32. Qc5 Qxc5+ 33. bxc5
Bc6 34. Re3 Re8 35. Kf2 Kf7 36. h4 Re5 37. Rc3 Rd5 38. Ke3 Kf6 39. Kf4 Rd4 40.
Nh5+ Kf7 41. Rg3 g6 42. fxg6+ hxg6 43. Ke3 Ra4 44. Nf4 Rxa3+ 45. Kf2 Rf3+ 46.
Rxf3 exf3 47. Ke3 Kf6 48. Nd3 a5 49. c3 Kf5 50. Kd2 Ke4 51. Nf2+ Kf4 52. Kd3
Kg3 53. Ke3 a4 54. Nd1 0-1

[Event "54th Ilmar Raud Memorial"]
[Site "Viljandi"]
[Date "2020.07.09"]
[Round "6.25"]
[White "Raide, Sivert"]
[Black "Ruus, Rein"]
[Result "1/2-1/2"]
[WhiteElo "1262"]
[BlackElo "1807"]
[PlyCount "162"]
[EventDate "2020.??.??"]

1. d4 Nf6 2. Nf3 g6 3. c4 Bg7 4. Nc3 d5 5. Bf4 O-O 6. e3 c6 7. cxd5 Nxd5 8.
Nxd5 Qxd5 9. b3 Bg4 10. Bc4 Qa5+ 11. Qd2 Qd8 12. Ne5 Bf5 13. Rc1 Nd7 14. Nxd7
Qxd7 15. O-O e5 16. Bg3 exd4 17. exd4 Qxd4 18. Qxd4 Bxd4 19. h3 Rfe8 20. Rcd1
Rad8 21. Rfe1 Bf6 22. Bf4 Kg7 23. g4 Rxd1 24. Rxd1 Bc8 25. a4 g5 26. Be3 a6 27.
Bb6 h5 28. f3 hxg4 29. hxg4 Be7 30. Kf2 f5 31. gxf5 Bxf5 32. Re1 Kg6 33. Kg2
Kg7 34. Bd4+ Kf8 35. Rh1 Bd8 36. Rh8+ Ke7 37. Bc5+ Kd7 38. Rxe8 Kxe8 39. b4 b6
40. Be3 b5 41. Bb3 Be7 42. Bd2 Kd7 43. axb5 axb5 44. Kf1 Be6 45. Bxe6+ Kxe6 46.
Ke2 Ke5 47. Kd3 Bd8 48. Be3 Bf6 49. Bc5 Bd8 50. Bf8 Kf4 51. Ke2 Bf6 52. Bd6+
Be5 53. Bc5 Bc7 54. Be7 Kf5 55. Kd3 Bb6 56. Bd6 Ke6 57. Bf8 $2 (57. Bg3) 57...
Bf2 (57... Bc7 58. Bg7 Be5 $1 59. Bh6 Bf6 (59... Bd6 60. Bxg5 Bxb4 61. Ke4 Bf8
62. Be3 (62. f4 $4 b4 63. f5+ Kd6 64. Kd4 c5+ 65. Ke4 (65. Kc4 Ke5 66. f6 Ke6
67. Bh4 Bd6 68. Bg5 Kf5 69. Bh4 Bf8 70. Kd3 b3 71. Kc3 c4 72. Bf2 Ke6 (72...
Kxf6 73. Kxc4) 73. Bd4 Kd5 74. Be3 Bb4+ 75. Kb2 Ke6 76. Bd4 Kf5) 65... Kc6 66.
f6 Kb5 67. f7 b3 68. Kd3 Ka4 69. Bc1 Kb4 70. Bd2+ Ka3 71. Bc3 Ka2) 62... Kd6 (
62... c5 63. f4 Kd6 64. f5 Bg7 65. Bf4+ Kc6 66. Bg5 b4 67. f6 Bf8 68. Bf4 b3
69. Be5 Kb5 70. Kd5 c4 71. f7 Kb4 72. Bd6+ Kb5 73. Bxf8 (73. Be5) 73... b2 74.
Bh6 b1=Q 75. f8=Q Qd3+) 63. Bd4 $3 b4 64. f4 c5 65. Be5+ Kc6 66. f5 Kb5 67. Kd5
c4 68. f6 c3 69. f7 Bh6 70. Bf4) 60. f4 g4 61. Ke4 Be7 62. f5+ Kf6 63. Bd2 g3)
58. Ke2 Bg3 59. Kd3 Kd5 60. Be7 Bf4 61. Bc5 Bc1 62. Be7 Ke6 63. Bc5 Bb2 64. Ke4
Bf6 65. f4 gxf4 66. Kxf4 Be7 (66... Kd5) 67. Bxe7 Kxe7 68. Ke3 $1 Kd7 69. Kd3
Kc7 70. Kc3 Kb6 71. Kb3 Kc7 72. Kc3 Kd7 73. Kd3 Ke6 74. Ke4 Kf6 75. Kf4 Kf7 76.
Kf3 (76. Ke3 Ke7 77. Kd3 Kd7 78. Ke3 Kc7 79. Ke4 Kb6 80. Kd4 Kb7 81. Ke4 Kc7
82. Kd3) 76... c5 77. bxc5 Ke6 78. Ke4 b4 79. Kd4 b3 80. Kc3 Kd5 81. Kxb3 Kxc5
1/2-1/2

[Event "54th Ilmar Raud Memorial"]
[Site "Viljandi"]
[Date "2020.07.09"]
[Round "6.27"]
[White "Liebert, Robin"]
[Black "Olde, Karl Erik"]
[Result "0-1"]
[WhiteElo "1409"]
[BlackElo "1751"]
[PlyCount "63"]
[EventDate "2020.??.??"]

1. e4 c5 2. Nf3 Nc6 3. Bb5 d6 4. d4 cxd4 5. Qxd4 Bd7 6. Bxc6 bxc6 7. Nc3 e5 8.
Qd3 h6 9. O-O Nf6 10. Be3 Be7 11. Nd2 O-O 12. Nc4 Be6 13. Rfd1 Bxc4 14. Qxc4
Qd7 15. Rd2 Rfd8 16. Rad1 Qb7 17. Qb3 Rab8 18. Qxb7 Rxb7 19. b3 Rbd7 20. Ne2
Nxe4 21. Rd3 d5 22. f3 Nf6 23. Bf2 c5 24. Rc3 d4 25. Rcd3 Nd5 26. Bg3 f6 27. a3
Kf7 28. h3 Nb6 29. Rc1 c4 30. bxc4 Nxc4 31. a4 Nb2 32. Rd2 0-1

[Event "54th Ilmar Raud Memorial"]
[Site "Viljandi"]
[Date "2020.07.10"]
[Round "7.7"]
[White "Pohjala, Henri"]
[Black "Vorobjov, Pavel"]
[Result "1/2-1/2"]
[WhiteElo "2358"]
[BlackElo "2269"]
[PlyCount "85"]
[EventDate "2020.??.??"]

1. d4 Nf6 2. Bg5 g6 3. Bxf6 exf6 4. e3 Bg7 5. g3 d6 6. Bg2 O-O 7. Ne2 f5 8. O-O
Nd7 9. c4 c6 10. Nbc3 Re8 11. b4 Nf6 12. Qd3 Qe7 13. b5 Ne4 14. Rab1 h5 15. Rb3
h4 16. Rfb1 Bh6 17. bxc6 bxc6 18. Rb8 Ba6 19. Rxa8 Rxa8 20. Nxe4 fxe4 21. Qxe4
Qxe4 22. Bxe4 Bxc4 23. Bxc6 Rc8 24. Bd7 Rd8 25. Bb5 Bxa2 26. Ra1 Bd5 27. gxh4
Bf3 28. Ng3 Ra8 29. Be2 Bb7 30. Rb1 Bc6 31. h5 g5 32. h3 Bf8 33. Ba6 Bf3 34.
Rb5 d5 35. Ra5 Rb8 36. Be2 Rb1+ 37. Kh2 Bxe2 38. Nxe2 Rb2 39. Ng3 Rxf2+ 40. Kg1
Rf3 41. Kg2 Rxe3 42. Rxa7 Bg7 43. Rd7 1/2-1/2

[Event "54th Ilmar Raud Memorial"]
[Site "Viljandi"]
[Date "2020.07.10"]
[Round "7.8"]
[White "Keso, Elias"]
[Black "Haitin, Ilja"]
[Result "1/2-1/2"]
[WhiteElo "2300"]
[BlackElo "2357"]
[PlyCount "163"]
[EventDate "2020.??.??"]

1. e4 d6 2. d4 Nf6 3. Nc3 e5 4. Nf3 Nbd7 5. Bc4 Be7 6. O-O O-O 7. Re1 c6 8. a4
h6 9. Ba2 Re8 10. h3 Qc7 11. Be3 Nf8 12. a5 Be6 13. d5 Bd7 14. a6 bxa6 15. Qd3
Rab8 16. Bb3 cxd5 17. exd5 Bc8 18. Ra4 N8d7 19. Rc4 Qb7 20. Ba4 Qa8 21. Bc6 Bb7
22. Nh4 e4 23. Qd4 Bxc6 24. Rxc6 Ne5 25. Rxa6 Rxb2 26. Nf5 Qc8 27. Nxe7+ Rxe7
28. Rxd6 Ne8 29. Nxe4 Nxd6 30. Nxd6 Qxc2 31. Kh2 Rb8 32. Bxh6 Qb2 33. Qxb2 Rxb2
34. Bxg7 Rd2 35. Rxe5 Rxe5 36. Bxe5 Rxd5 37. f4 a5 38. Ne4 Rb5 39. Nc3 Rb4 40.
Nd5 Rb5 41. Nc3 Rb4 42. g4 a4 43. g5 a3 44. Kg3 Rb2 45. h4 a2 46. Nxa2 Rxa2 47.
h5 Kh7 48. Kg4 Ra6 49. Kf5 Rb6 50. Ke4 Rb1 51. Kf3 Rb6 52. Kg4 Ra6 53. f5 Rb6
54. Bg3 Ra6 55. f6 Ra5 56. Kf4 Rb5 57. Be1 Rb1 58. Bg3 Rb5 59. Kg4 Ra5 60. Bc7
Ra2 61. Bf4 Ra5 62. Bd6 Rd5 63. Bh2 Ra5 64. Bc7 Rc5 65. Bb6 Rb5 66. Be3 Ra5 67.
Kf4 Rb5 68. Bd2 Rb2 69. Bc3 Rh2 70. Kg4 Re2 71. Ba5 Rc2 72. Bb6 Rb2 73. Bc7 Re2
74. Bg3 Ra2 75. Kf5 Ra5+ 76. Be5 Rb5 77. g6+ Kg8 78. h6 fxg6+ 79. Kxg6 Rb7 (
79... Rxe5 80. h7+ Kh8 81. f7 Re6+ 82. Kf5) 80. f7+ Rxf7 81. Bg7 Rxg7+ 82. hxg7
1/2-1/2

[Event "54th Ilmar Raud Memorial"]
[Site "Viljandi"]
[Date "2020.07.10"]
[Round "7.9"]
[White "Wartiovaara, Oliver"]
[Black "Nyysti, Sampsa"]
[Result "1/2-1/2"]
[WhiteElo "2190"]
[BlackElo "2338"]
[PlyCount "47"]
[EventDate "2020.??.??"]

1. d4 Nf6 2. Nf3 e6 3. Bf4 c5 4. e3 Be7 5. h3 O-O 6. c3 b6 7. Bd3 Bb7 8. Nbd2
cxd4 9. exd4 d6 10. O-O Nbd7 11. Re1 Re8 12. Nc4 Qc7 13. Bh2 Bf8 14. Ne3 a6 15.
a4 Bc6 16. Qe2 Qb7 17. Nd2 e5 18. Qf1 b5 19. axb5 axb5 20. Nb3 Qb6 21. Rxa8
Rxa8 22. Nc2 Bd5 23. Nd2 exd4 24. Nxd4 1/2-1/2

[Event "54th Ilmar Raud Memorial"]
[Site "Viljandi"]
[Date "2020.07.10"]
[Round "7.10"]
[White "Kukk, Sander"]
[Black "Seeman, Tarvo"]
[Result "0-1"]
[WhiteElo "2194"]
[BlackElo "2415"]
[PlyCount "92"]
[EventDate "2020.??.??"]

1. b3 Nf6 2. Bb2 g6 3. e4 d6 4. g3 Bg7 5. Bg2 O-O 6. Ne2 e5 7. O-O c5 8. c4 Nc6
9. d3 Rb8 10. Nbc3 Nd4 11. Nxd4 exd4 12. Ne2 b5 13. Bc1 bxc4 14. bxc4 Bd7 15.
h3 Qa5 16. Bf4 Qc7 17. Qc1 Bc6 18. Bh6 Nd7 19. g4 Bxh6 20. Qxh6 Rb2 21. Ng3 f6
22. f4 Qd8 23. h4 Qe7 24. Bh3 Qg7 25. Qxg7+ Kxg7 26. g5 (26. Rf2 Rxf2 27. Kxf2
Rb8 28. Re1) 26... Rd2 27. Rf3 (27. gxf6+ Rxf6 28. Bxd7 Bxd7 29. e5 Re6 30. Ne4
Rxd3 31. Nxd6) 27... fxg5 28. Nf1 Rc2 29. Bxd7 Bxd7 30. hxg5 Bg4 31. Rf2 Be2
32. Rb1 Bxd3 33. Rb7+ Kg8 34. Nd2 Rxa2 35. Rb3 Bc2 36. Rb7 Ra1+ 37. Kg2 Re1 38.
Rxa7 Bxe4+ 39. Kg3 Ra8 40. Rxa8+ Bxa8 41. Nf1 Bc6 42. f5 Re5 43. fxg6 Rxg5+ 44.
Kh4 Rxg6 45. Ng3 Bd7 46. Rf4 Be6 0-1

[Event "54th Ilmar Raud Memorial"]
[Site "Viljandi"]
[Date "2020.07.10"]
[Round "7.11"]
[White "Pedmanson, Herman"]
[Black "Köykkä, Pekka"]
[Result "1-0"]
[WhiteElo "1767"]
[BlackElo "2392"]
[PlyCount "47"]
[EventDate "2020.??.??"]

1. e4 c5 2. Nf3 d6 3. d4 cxd4 4. Nxd4 Nf6 5. Nc3 a6 6. f3 Qb6 7. Bc4 e6 8. Bb3
Nbd7 9. Be3 Nc5 10. Qd2 Be7 11. g4 Qc7 12. O-O-O b5 13. a3 Bb7 14. Kb1 O-O-O
15. Ba2 Nfd7 16. b4 Ne5 17. Qe2 (17. Qg2 Ncd7 18. Ncxb5 axb5 19. Nxb5 Qb8 20.
Na7+ Kc7) 17... Ncd7 18. Ncxb5 axb5 19. Nxb5 Ba6 20. c4 Bxb5 21. cxb5 Qb7 22.
a4 Nb8 (22... Kb8 23. a5 Nxf3) 23. a5 d5 24. Bb6 1-0

[Event "54th Ilmar Raud Memorial"]
[Site "Viljandi"]
[Date "2020.07.10"]
[Round "7.12"]
[White "Kiik, Kalle"]
[Black "Jazdanovs, Aleksandrs"]
[Result "1-0"]
[WhiteElo "2386"]
[BlackElo "2183"]
[PlyCount "47"]
[EventDate "2020.??.??"]

1. c4 Nf6 2. Nf3 e6 3. g3 b6 4. Bg2 Bb7 5. Nc3 Be7 6. O-O O-O 7. b3 d5 8. cxd5
Nxd5 9. Nxd5 Bxd5 10. Bb2 Bf6 11. d4 c5 12. Qd3 Nc6 13. e4 Nxd4 14. Nxd4 (14.
Bxd4 Bb7 15. e5 Be7) 14... Bb7 15. Rfd1 Bxd4 16. Bxd4 cxd4 17. Qxd4 Qxd4 18.
Rxd4 Rfc8 19. Rad1 Kf8 20. h4 Rc2 21. Rd7 Rb8 22. a4 e5 23. h5 Rb2 24. Rc1 1-0

[Event "54th Ilmar Raud Memorial"]
[Site "Viljandi"]
[Date "2020.07.10"]
[Round "7.13"]
[White "Valner, Uku"]
[Black "Narva, Triin"]
[Result "1-0"]
[WhiteElo "2302"]
[BlackElo "2107"]
[PlyCount "111"]
[EventDate "2020.??.??"]

1. e4 c5 2. Nc3 Nc6 3. g3 g6 4. Bg2 Bg7 5. d3 d6 6. Be3 e5 7. Qd2 Nf6 8. Bh6
Bxh6 9. Qxh6 Be6 10. Nge2 Qe7 11. Qd2 h5 12. h3 O-O-O 13. f4 exf4 14. gxf4 d5
15. e5 Ne8 16. O-O-O Nc7 17. d4 c4 18. Ng3 h4 19. Nf1 b5 20. Ne3 b4 21. Ne2 Nb5
22. Nxc4 Qb7 23. Ne3 a5 24. Qd3 Rhg8 25. Bf3 a4 26. b3 a3 27. Rhg1 Rge8 28. Bg4
Kb8 29. Bxe6 fxe6 30. Rxg6 Rc8 31. Qd2 Re7 32. f5 Nc3 33. Nxc3 bxc3 34. Qg2 Nb4
35. Kb1 Qb5 36. f6 Rf7 37. Rg8 Qd7 38. Rxc8+ Kxc8 39. Qf2 Qb5 40. Rg1 Nc6 41.
Rg7 Rf8 42. Nd1 Qb4 43. Rg4 Rf7 44. Qe3 Rc7 45. Qxc3 Qb5 46. Qd3 Qb6 47. c3 Na5
48. Rg8+ Kb7 49. Rg7 Nxb3 50. axb3 Qxb3+ 51. Ka1 a2 52. Rxc7+ Kxc7 53. f7 Qa3
54. Nb2 Kb6 55. Qf3 Qf8 56. Kxa2 1-0

[Event "54th Ilmar Raud Memorial"]
[Site "Viljandi"]
[Date "2020.07.10"]
[Round "7.14"]
[White "Haavamäe, Henrik"]
[Black "Blohhin, Sofia"]
[Result "1-0"]
[WhiteElo "2210"]
[BlackElo "1786"]
[PlyCount "101"]
[EventDate "2020.??.??"]

1. e4 c5 2. Nf3 e6 3. d4 cxd4 4. Nxd4 a6 5. Nc3 Qc7 6. Bd3 Nf6 7. f4 Bb4 8. Bd2
d6 9. Qf3 O-O 10. g4 Nc6 11. Nxc6 bxc6 12. g5 Nd7 13. O-O-O e5 14. f5 Rb8 15.
Bc4 Nb6 16. Bb3 Bxc3 17. Bxc3 c5 18. Bd5 Nxd5 19. Rxd5 Be6 20. Rd3 Bxa2 21. Qh5
g6 22. Qh6 f6 23. fxg6 Qg7 24. gxh7+ Qxh7 25. Qxh7+ Kxh7 26. Rxd6 fxg5 27. Rxa6
Bc4 28. Ra7+ Rf7 29. Rxf7+ Bxf7 30. Bxe5 Re8 31. Bd6 Rxe4 32. Bxc5 Re2 33. Rf1
Bg6 34. Rf2 Rxf2 35. Bxf2 Kg7 36. Kd2 Kf7 37. c4 Ke6 38. b4 Kd7 39. Ke3 Kc6 40.
Kd4 Bh5 41. b5+ Kb7 42. Kc5 Be2 43. Kb4 Bf1 44. c5 Kc7 45. c6 Kd6 46. Bg3+ Kd5
47. Ka5 Kc5 48. Bf2+ Kd6 49. Kb6 Bh3 50. Bg3+ Kd5 51. Kc7 1-0

[Event "54th Ilmar Raud Memorial"]
[Site "Viljandi"]
[Date "2020.07.10"]
[Round "7.15"]
[White "Olde, Margareth"]
[Black "Vingris, Mikelis"]
[Result "1-0"]
[WhiteElo "2205"]
[BlackElo "1641"]
[PlyCount "45"]
[EventDate "2020.??.??"]

1. d4 Nf6 2. c4 c5 3. d5 b5 4. cxb5 a6 5. e3 g6 6. Nc3 Bg7 7. Nf3 O-O 8. a4 e6
9. d6 Bb7 10. Be2 Ne8 11. e4 axb5 12. Bxb5 Bxc3+ 13. bxc3 Bxe4 14. O-O Qb6 15.
Bf4 Ng7 16. Ne5 Ra7 17. f3 Bd5 18. c4 Ba8 19. Rb1 Qa5 20. Be3 Na6 21. Nxd7 Rd8
22. Nxc5 Qb6 23. Bxa6 1-0